[Event "GER HS-126 email"]
[Site "GER email"]
[Date "2012.04.30"]
[Round "?"]
[White "Breuer, Falk"]
[Black "Dilger, Wolfgang"]
[Result "1-0"]
[WhiteElo "1796"]
[BlackElo "1902"]
[PlyCount "53"]
[EventDate "2012.05.10"]
[EventType "tourn (corr)"]
[EventRounds "6"]
[EventCountry "GER"]
[SourceTitle "Corr 2015"]
[Source "ChessBase"]
[SourceDate "2015.07.17"]
[SourceVersion "1"]
[SourceVersionDate "2015.07.17"]
[SourceQuality "1"]

1. e4 e6 2. d4 d5 3. Nc3 Bb4 4. e5 c5 5. a3 Bxc3+ 6. bxc3 Ne7 7. Qg4 Qc7 8. Qxg7 Rg8 9. Qxh7 cxd4 10. Ne2 Nbc6 11. f4 Bd7 12. Qd3 dxc3 13. Nxc3 a6 14. Rb1 Nf5 15. g4 Rxg4 16. Bh3 Nxe5 17. fxe5 Qxe5+ 18. Ne2 Re4 19. Bxf5 Qxf5 20. Rxb7 Bb5 21. Rg1 0-0-0 22. Rxb5 axb5 23. Qxb5 Qe5 24. Rg3 Qb8 25. Rc3+ Rc4 26. Rxc4+ dxc4 27. Qxc4+ 1-0

[Event "GER HS-126 email"]
[Site "GER email"]
[Date "2012.04.30"]
[Round "?"]
[White "Dilger, Wolfgang"]
[Black "Linke, Michael"]
[Result "1/2-1/2"]
[WhiteElo "1902"]
[BlackElo "1960"]
[PlyCount "87"]
[EventDate "2012.05.10"]
[EventType "tourn (corr)"]
[EventRounds "6"]
[EventCountry "GER"]
[SourceTitle "Corr 2015"]
[Source "ChessBase"]
[SourceDate "2015.07.17"]
[SourceVersion "1"]
[SourceVersionDate "2015.07.17"]
[SourceQuality "1"]

1. d4 Nf6 2. c4 g6 3. Nc3 d5 4. Nf3 Bg7 5. e3 0-0 6. cxd5 Nxd5 7. Bc4 Nb6 8. Bb3 c5 9. 0-0 cxd4 10. Nxd4 Nc6 11. Nxc6 bxc6 12. Qf3 a5 13. Na4 Nxa4 14. Bxa4 Be6 15. Rd1 Qc7 16. Qxc6 Qb8 17. Rd2 Rc8 18. Qf3 Ra7 19. Qd1 Rac7 20. Bb3 Bf5 21. Rd5 e6 22. Rd7 Be5 23. Rxc7 Rxc7 24. h3 Qc8 25. e4 Bxe4 26. Qe1 Qa8 27. f3 a4 28. Qxe4 Qxe4 29. fxe4 axb3 30. axb3 Kg7 31. Bd2 Rc2 32. Bc3 Bxc3 33. bxc3 Rxc3 34. Rb1 Kf6 35. b4 Ke5 36. b5 Rc7 37. Rb4 Kd6 38. Kf2 Kc5 39. Rb3 Rb7 40. Ra3 Kxb5 41. Rc3 Kb6 42. Ke3 Rc7 43. Rd3 h5 44. g4 1/2-1/2